Noms de Mers du Monde (Mort subite) - Statistiques

Statistiques générales
  • Ce quiz a été pris 247 fois
  • Le résultat moyen est 5 sur 15
Answers on the Grid
Answers color-coded by a green-red scale on the quiz's grid according to % correct below.
Mer de Chine Méridionale
Mer de Chine Orientale
Mer des Sargasses
Mer de Tasman
Mer des Caraïbes
Mer de Norvège
Mer Rouge
Mer Noire
Mer Jaune
Mer du Groenland
Mer de Béring
Mer Egée
Mer Adriatique
Mer des Philippines
Mer Morte
Mer de Floride
Mer de Russie
Mer Ulysse
Mer d'Australie du Sud
Mer Centrale
Mer des Iles Féroé
Mer de Chine Occidentale
Mer Agée
Mer Verte
Mer Vivante
Mer Méditerranéenne
Mer des Samoa
Mer George Washington
Mer de Suisse
Mer de l'Himalaya
 
Statistiques - réponses
Réponse % Correct
Mer Noire
66%
Mer Rouge
59%
Mer Egée
53%
Mer Morte
51%
Mer Adriatique
49%
Mer des Caraïbes
47%
Mer de Chine Méridionale
30%
Mer Jaune
28%
Mer de Chine Orientale
26%
Mer de Norvège
26%
Mer de Tasman
26%
Mer de Béring
25%
Mer des Sargasses
24%
Mer des Philippines
22%
Mer du Groenland
15%
Aucun quiz correspondant
Distribution des résultats
% des personnes avec chaque résultat
Percentile par nombre de réponses
Votre historique - résultats
Vous n’avez pas pris ce quiz